C++ Builder 6 developer's guide / (Record no. 178971)
[ view plain ]
| 000 -LEADER | |
|---|---|
| fixed length control field | 01108 a2200205 4500 |
| 003 - CONTROL NUMBER IDENTIFIER | |
| control field | Nust |
| 005 - DATE AND TIME OF LATEST TRANSACTION | |
| control field | 20220803121251.0 |
| 010 ## - LIBRARY OF CONGRESS CONTROL NUMBER | |
| LC control number | 2002151898 |
| 020 ## - INTERNATIONAL STANDARD BOOK NUMBER | |
| International Standard Book Number | 1556229607 (paperback, CD-ROM) |
| 040 ## - CATALOGING SOURCE | |
| Transcribing agency | Nust |
| 082 00 - DEWEY DECIMAL CLASSIFICATION NUMBER | |
| Classification number | 005.1,KOL |
| 100 1# - MAIN ENTRY--PERSONAL NAME | |
| Personal name | Kolachina, Satya Sai. |
| 9 (RLIN) | 96402 |
| 245 10 - TITLE STATEMENT | |
| Title | C++ Builder 6 developer's guide / |
| Statement of responsibility, etc. | Satya Sai Kolachina. |
| 260 ## - PUBLICATION, DISTRIBUTION, ETC. | |
| Place of publication, distribution, etc. | Plano, Tex. : |
| Name of publisher, distributor, etc. | Wordware Pub., |
| Date of publication, distribution, etc. | c2003. |
| 300 ## - PHYSICAL DESCRIPTION | |
| Extent | xvi, 507 p. : |
| Other physical details | ill. ; |
| Dimensions | 23 cm. + |
| Accompanying material | 1 CD-ROM (4 3/4 in.) |
| 505 ## - FORMATTED CONTENTS NOTE | |
| Formatted contents note | Windows And Database Development (Page-3), C++ Advanced Concepts (Page-23), The VCL Explored (Page-57), Advanced VCL Features (Page-99), Simple Database Development (Page-153), Advanced Database Development (Page-199), Building Webbroker Applications (Page-255), Building Websnap Applications (Page-305), Developing Datasnap Applications (Page-347), Developing Distributed Applications (Page-385), Building Bizsnap Applications (Page-429), Miscellaneous And Advanced Topics (Page-461). |
| 650 #0 - SUBJECT ADDED ENTRY--TOPICAL TERM | |
| Topical term or geographic name entry element | C++ (Computer program language) |
| 650 #0 - SUBJECT ADDED ENTRY--TOPICAL TERM | |
| Topical term or geographic name entry element | Computer software |
| General subdivision | Development. |
| 9 (RLIN) | 18022 |
| 942 ## - ADDED ENTRY ELEMENTS (KOHA) | |
| Source of classification or shelving scheme | |
| Koha item type | Book |
| Call number prefix | 005.1,KOL |
| Withdrawn status | Lost status | Source of classification or shelving scheme | Damaged status | Not for loan | Permanent Location | Current Location | Shelving location | Date acquired | Full call number | Barcode | Date last seen | Price effective from | Koha item type | Public note |
|---|---|---|---|---|---|---|---|---|---|---|---|---|---|---|
| Military College of Signals (MCS) | Military College of Signals (MCS) | General Stacks | 12/12/2016 | 005.1,KOL | MCS31793 | 12/08/2016 | 12/12/2016 | Book | Almirah No.3, Shelf No.5 |
